Las paradojas del manejo forestal : la experiencia de Tlalmanalco /

En esta obra se aborda las dimensiones organizacionales e institucionales del desastre crónico que implica el deterioro forestal en México. El problema esta centrado en cómo manejar el bosque y cómo construir una visión de manejo forestal sustentable mediante la participación, el uso de conocimiento...

Бүрэн тодорхойлолт

-д хадгалсан:
Номзүйн дэлгэрэнгүй
Үндсэн зохиолч: Raufflet, Emmanuel (autor)
Бусад зохиолчид: Moctezuma Barragán, Pedro (prólogo) (prólogo)
Формат: Ном
Хэл сонгох:испани
Хэвлэсэн: México : Universidad Autónoma Metropolitana Iztapalapa : Plaza y Valdés, 2005, c2005
Цуврал:(Extensión Universitaria)
Нөхцлүүд:
Шошгууд: Шошго нэмэх
Шошго байхгүй, Энэхүү баримтыг шошголох эхний хүн болох!

MARC

LEADER 00000nam^a2200000^a^4500
001 000187841
005 20250521000000.0
009 20260310102317.487
020 |a 970-31-0553-X 
020 |a 970-722-474-6 
037 |a Acervo ITESO - Biblioteca 
041 |a ESP 
082 |a 634. 92097252  |b RAU 
100 |a Raufflet, Emmanuel  |e (autor) 
245 1 4 |a Las paradojas del manejo forestal :  |b la experiencia de Tlalmanalco /  |c E. Raufflet ; pref. de Arun Agrawal ; pról. de P. Moctezuma Barragán. 
264 4 |a México :  |b Universidad Autónoma Metropolitana Iztapalapa :  |b Plaza y Valdés,  |c 2005, c2005 
300 |a 239 p. 
336 |a texto  |b txt  |2 rdacontenido 
337 |a sin mediación  |b n  |2 rdamedio 
338 |a volumen  |b nc  |2 rdasoporte 
440 1 |a (Extensión Universitaria) 
520 |a En esta obra se aborda las dimensiones organizacionales e institucionales del desastre crónico que implica el deterioro forestal en México. El problema esta centrado en cómo manejar el bosque y cómo construir una visión de manejo forestal sustentable mediante la participación, el uso de conocimiento experto y las técnicas forestales. Este estudio esta focalizado en el estudio de las instituciones dedicadas al manejo forestal en Tlalmanalco, estado de México en el periodo de 1877-1999. 
649 |a XX 
650 |a Bosques -  |z Tlalmanalco, México (Estado) -  |x Administración -  |x Tema Principal 
650 |a Bosques -  |z México -  |x Administración 
650 |a Tierras Forestales -  |z Tlalmanalco, México (Estado) -  |x Administración 
650 |a Tierras Forestales -  |z México -  |x Administración 
650 |a Silvicultura -  |z México 
650 |a Industria Agropecuaria -  |z México 
650 |a Administración Pública -  |z México -  |x Historia -  |y Siglo XX 
650 |a Desarrollo Sustentable 
650 |a Ecología Forestal 
650 |a Economía de la Tierra 
700 |a Moctezuma Barragán, Pedro  |e (prólogo) 
910 |a Fondo General 
920 |a Impresos - Libros 
930 |a Colección General 
905 |a 101 
901 |a 0500130117  |b IT1  |c ACC  |u 20250521 
902 |a https://opac.biblio.iteso.mx/vufind/Record/000187841